000 00701nab a2200229 a 4500
005 20210219155722.0
008 991125s1985 mx 000 0 spa u
035 _aUPN01000150909
100 1 _aArsenio, William F
222 0 _aDEVELOPMENTAL PSYCHOLOGY
245 0 0 _aAffective predictors of preschoolers' aggression and peer acceptance : direct and indirect effects
260 _aEstados Unidos
300 _a438-448
362 0 _a2000 Vol. 36, no. 4, jul.
653 0 _aDESARROLLO DEL NIÑO
653 0 _aEDUCACION PREESCOLAR
653 0 _aAGRESION
653 0 _aCONDUCTA ANTISOCIAL
700 1 _aCooperman, Sharon,
_ecoaut.
700 1 _aLover, Anthony,
_ecoaut.
905 _aArticulo
999 _c123049
_d123049